Car brands #6 - Statistics

General Stats
  • This quiz has been taken 74 times
  • The average score is 5 of 6
Answers on the Map
Answers color-coded by a green-red scale on the quiz's map according to % correct below.
 
Answer Stats
Answer % Correct
GMC
93%
Skoda
91%
Scania
88%
Opel
85%
Renault
84%
Pegueot
82%
No matching quizzes found
Score Distribution
Percent of People with Each Score
Percentile by Number Answered
Your Score History
You have not taken this quiz